| 000 | 00881cam a22002654a 4500 | ||
|---|---|---|---|
| 003 | UPN | ||
| 005 | 20220926111942.0 | ||
| 008 | 090209s2003 s a r 000 0dspa d | ||
| 020 | _a8426133479 | ||
| 035 | _aUPN01000168979 | ||
| 040 |
_aUPN _bspa _cUPN |
||
| 049 | _aCG | ||
| 050 | 4 |
_aGV812.5 H47 _bH44 |
|
| 100 | 1 |
_aHériot, Virginie, _d1890-1932 _946481 |
|
| 245 | 1 | 0 |
_aEn alta mar / _cVirginie Hériot ; traducción V. de Miguel. |
| 250 | _aPrimera edición | ||
| 260 |
_aBarcelona, España : _bJuventud, _c2003. |
||
| 300 |
_a203 páginas : _bilustraciones |
||
| 534 |
_pTítulo original: _tSur mer : impressions et souvenirs |
||
| 600 | 1 | 4 |
_aHériot, Virginie, _d1890-1932 _vCorrespondencia, memorias, etc. _946752 |
| 650 | 4 |
_aMarineros _zFrancia _vCorrespondencia, memorias, etc. _946753 |
|
| 902 | _bCarolina Alvarado/260922/M | ||
| 905 | _aLibro | ||
| 942 |
_2lcc _cLIBRO |
||
| 999 |
_c141085 _d141085 |
||